| 000 | 00000nam##2200000za#4500 |
| 001 | 9.563297 |
| 003 | CaOODSP |
| 005 | 20210624174755 |
| 007 | cr ||||||||||| |
| 008 | 150406|2007||||xxc|||||o f|0| 0 eng|d |
| 040 | |aCaOODSP|beng |
| 043 | |an-cn--- |
| 086 | 1 |aYC28-391/1-02E-PDF |
| 110 | 1 |aCanada. |bParliament. |bSenate. |
| 245 | 10|aSharing Canada's prosperity : |h[electronic resource]|ba hand up, not a handout / |cThe Honourable Gerry St. Germain, Chair; The Honourable Nick Sibbeston, Deputy Chair. |
| 246 | 3 |aFinal report, Special study on the involvement of Aboriginal communities and businesses in economic development activities in Canada |
| 260 | |aOttawa - Ontario : |bSenate |cMarch 2007. |
| 300 | |a123p.|bgraphs, tables |
| 490 | 1 |aReport of the Standing Senate Committee on Aboriginal Peoples|v39th Parliament, 1st Session, [6th report] |
| 590 | |a07-40|b2007-10-05 |
| 775 | 08|tPartager la prospérité du Canada : |w(CaOODSP)9.595225 |
| 830 | #0|aReport of the Standing Senate Committee on Aboriginal Peoples ;|v39th Parliament, 1st Session, [6th report]|w(CaOODSP)9.505264 |
| 856 | 40|ahttp://publications.gc.ca|qPDF|s436 KB|uhttps://publications.gc.ca/collections/collection_2007/sen/YC28-391-1-02E.pdf|y39th Parliament, 1st Session, [6th report] |